Central Library OPAC University of Rajshahi

An introduction to the history of the law of nations in the East Indies: (16th, 17th and 18th centuries) / (Record no. 42010)

MARC details
000 -LEADER
fixed length control field 00916nam a2200265 a 4500
001 - CONTROL NUMBER
control field 42010
003 - CONTROL NUMBER IDENTIFIER
rucl marc code BD-RjUL
005 - DATE AND TIME OF LATEST TRANSACTION
control field 20211209053501.0
008 - FIXED-LENGTH DATA ELEMENTS--GENERAL INFORMATION
fixed length control field 160608s1967 enk b 001 0 eng
035 ## - SYSTEM CONTROL NUMBER
System control number GLIS00506244
-- (BD-RjUL) 42128
040 ## - CATALOGING SOURCE
Original cataloging agency DLC
Transcribing agency AKR
Modifying agency SER
-- RCD
-- BD-RjUL
Language of cataloging eng
041 ## - LANGUAGE CODE
Language code of text/sound track or separate title eng
082 ## - DEWEY DECIMAL CLASSIFICATION NUMBER
Edition number 23
Classification number 341.09
Author mark and year ALI 1967
100 1# - MAIN ENTRY--PERSONAL NAME
Personal name Alexandrowicz, Charles Henry.
9 (RLIN) 129143
245 13 - TITLE STATEMENT
Title An introduction to the history of the law of nations in the East Indies: (16th, 17th and 18th centuries) /
Statement of responsibility, etc. by C.H. Alexandrowicz.
260 ## - PUBLICATION, DISTRIBUTION, ETC. (IMPRINT)
Place of publication, distribution, etc. Oxford :
Name of publisher, distributor, etc. Clarendon P.,
Date of publication, distribution, etc. 1967
300 ## - PHYSICAL DESCRIPTION
Pagination viii, 259 p. ;
Size 23 cm.
504 ## - BIBLIOGRAPHY, ETC. NOTE
Bibliography, etc Bibliography: p. [242]-249.
650 #0 - SUBJECT ADDED ENTRY--TOPICAL TERM
Topical term or geographic name as entry element International law
Geographic subdivision India
General subdivision History.
9 (RLIN) 129144
Topical term or geographic name as entry element International law
Geographic subdivision Southeast Asia
General subdivision History.
9 (RLIN) 129145
Topical term or geographic name as entry element International law
Geographic subdivision Iran
General subdivision History.
9 (RLIN) 129146
942 ## - ADDED ENTRY ELEMENTS (KOHA)
Source of classification or shelving scheme Dewey Decimal Classification
Koha item type Books
949 ## - LOCAL PROCESSING INFORMATION (OCLC)
a MYGD
Holdings
Lost status Source of classification or shelving scheme Damaged status Not for loan Collection code Permanent Location Current Location Shelving location Date acquired Source of acquisition Cost, normal purchase price Total Checkouts Full call number Date last seen Copy number Koha item type
  Dewey Decimal Classification     Non-fiction Central Library, University of Rajshahi Central Library, University of Rajshahi   19/01/1970 zeithinger 48.00   341.09 ALI 1967 08/06/2016 C-2 Books
  Dewey Decimal Classification     Non-fiction Central Library, University of Rajshahi Central Library, University of Rajshahi   08/07/1970 Swits and Zeitlinngers 48.00   341.09 ALI 1967 08/06/2016 C-3 Books